Schmetterlingsquiz: Arten, die als Puppe überwintern - Statistiken

Allgemein
  • Dieses Quiz wurde 7 mal gespielt
  • Das Durchschnittsergebnis liegt bei 17 aus 26
Antwortstatistiken
Art Zusatzinfos % Korrekt
Schwalbenschwanz (Papilio machaon) Ritterfalter (Papilionidae)
100%
Segelfalter (Iphiclides podalirius) Ritterfalter (Papilionidae)
100%
Aurorafalter (Anthocharis cardamines) Weißling (Pieridae)
86%
Großer Kohlweißling (Pieris brassicae) Weißling (Pieridae)
86%
Grünader-Weißling (Pieris napi) Weißling (Pieridae)
86%
Karstweißling (Pieris mannii) Weißling (Pieridae)
86%
Kleiner Kohlweißling (Pieris rapae) Weißling (Pieridae)
86%
Osterluzeifalter (Zerynthia polyxena) Ritterfalter (Papilionidae)
86%
Östlicher Resedafalter (Pontia edusa) Weißling (Pieridae)
86%
Alexis-Bläuling (Glaucopsyche alexis) Echter Bläuling (Polyommatinae)
71%
Alpenweißling (Pontia callidice) Weißling (Pieridae)
71%
Bergweißling (Pieris bryoniae) Weißling (Pieridae)
71%
Echter Senfweißling (Leptidea sinapis) Weißling (Pieridae)
71%
Faulbaum-Bläuling (Celastrina argiolus) Echter Bläuling (Polyommatinae)
71%
Kleiner Würfel-Dickkopffalter (Pyrgus malvae) Dickkopffalter (Hesperiidae)
71%
Unechter Senfweißling (Leptidea juvernica) Weißling (Pieridae)
71%
Westlicher Quendelbläuling (Pseudophilotes baton) Echter Bläuling (Polyommatinae)
71%
Landkärtchen (Araschnia levana) Echter Edelfalter (Nymphalini)
57%
Schlüsselblumen-Würfelfalter (Hamearis lucina) Würfelfalter (Riodinidae)
57%
Waldbrettspiel (Pararge aegeria) Augenfalter (Satyrinae) Überwintert manchmal als Raupe
57%
Braunscheckauge (Lasiommata petropolitana) Augenfalter (Satyrinae) Überwintert manchmal als Raupe
43%
Fetthennen-Bläuling (Scolitantides orion) Echter Bläuling (Polyommatinae)
43%
Graumelierter Alpen-Würfel-Dickkopffalter (Pyrgus andromedae) Dickkopffalter (Hesperiidae) 1. Winter: Raupe 2. Winter: Puppe
29%
Blauschillernder Feuerfalter (Lycaena helle) Feuerfalter (Lycaeninae)
0%
Fahlfleckiger Alpen-Würfel-Dickkopffalter (Pyrgus cacaliae) Dickkopffalter (Hesperiidae) 1. Winter: Raupe 2. Winter: Puppe
0%
Kleiner Südlicher Würfel-Dickkopffalter (Pyrgus malvoides) Dickkopffalter (Hesperiidae)
0%
Keine übereinstimmenden Quizze gefunden
Verteilung der Resultate
Anzahl Personen mit jedem Resultat
Perzentil nach korrekt beantworteten Fragen
Ihre Resultats-Entwicklung
Sie haben dieses Quiz noch nicht gespielt